JToH Towers - Ring 1 - Statistics

General Stats
  • This quiz has been taken 44 times
  • The average score is 13 of 14
Answer Stats
Acronym Tower % Correct
NEAT Not Even A Tower
100%
ToA Tower of Anger
97%
ToH Tower of Hecc
97%
ToM Tower of Madness
97%
ToAST Tower of Annoyingly Simple Trials
94%
ToKY Tower of Keyboard Yeeting
91%
ToK Tower of Killjoys
91%
ToR Tower of Rage
91%
ToSP Tower of Screen Punching
91%
ToS Tower of Stress
91%
CoLS Citadel of Laptop Splitting
88%
TT Thanos Tower
88%
ToIE Tower of Impossible Expectations
88%
ToTS Tower of True Skill
88%
No matching quizzes found
Score Distribution
Percent of People with Each Score
Percentile by Number Answered
Your Score History
You have not taken this quiz